• 首页
  • 本馆介绍
  • 公告通知
  • 最新文献
  • 馆藏检索
  • 电子资源
  • 读者导购
  • 参考咨询
  • 我的图书馆
  • 登录
  • 期刊详细显示
  • 现刊情况显示
  • 合订本情况显示
  • 篇目信息显示

期刊信息

  • 表格格式
  • 工作单格式
  • 卡片格式
索取号 
Z89:T/EI
题名 
The Engineering Index Annual
作者 
Engineering Information Inc.
分册号 
分册名 
出版地 
美国
出版者 
美国工程索引编辑部
标准刊号 
0360-8557
出版频率 
年刊
中图法分类 
Z89:T
主题词 
文摘; 索引
电子资源 
000 00493nas0 2200193 45
001 0762575156
005 20070416172717.84
011    @a0360-8557
100    @a20070416d km y0chiy0120 ea
101 0  @aeng
200 1  @aThe Engineering Index Annual@fEngineering Information Inc.
210    @a美国@c美国工程索引编辑部
326    @a年刊
606 0  @a文摘
606 0  @a索引
690    @aZ89:T@v4
701  0 @aEngineering Information Inc.
801  0 @aCN@bPFT@c20070416
905    @aTJWY@dZ89:T@eEI
    
    The Engineering Index Annual/Engineering Information Inc.-美国:美国工程索引编辑部
    
    
    
    ISSN 0360-8557
    
●
相关链接: 在易读查询期刊 在中国知网中查询期刊 在万方数据查询期刊 在维普查询期刊
唐山师范学院图书馆 欢迎您!
大连网信软件有限公司© 版权所有